00568nam a2200157 a 450000100100000000500170001000800410002704000250006810000310009324500760012426000480020030000210024858600180026995201060028799900170039300003880320201002031358.0130425s1966 dr 000 0 spa d aDO-SdBNPbspacBNPHU1 aFranco, Franklin J.91901410aRepública Dominicana clases, crisis y comandos /cFranklin J. Franco. aLa Habana :bCasas de las América,c1966. a274 p. ;c20 cm. aPremio ensayo 00107-18PDaPDbPDcOId2013-04-25iLF1l0o p38803-10r2020-06-25w2020-06-25yLFPDZNo se presta c38293d38293